000 01298nam a2200349 i 4500
001 000043310
003 DO-SdBNP
005 20250617140736.0
007 ta
008 140305s2008 dr ac r 001 0bspa d
020 _a9789945857733
040 _aDO-SdBNP
_bspa
_cBNPHU
_erda
041 _aspa
082 4 _a070.92
_bG633L
_222
245 0 3 _aEl legado de un periodista :
_bRadhamés Gómez Pepín /
_ccompiladores Domingo del Pilar, José Rafael Sosa.
264 _aSanto Domingo :
_bBanreservas,
_c2008.
300 _a178 páginas :
_bilustraciones, retratos ;
_c22 cm.
336 _atexto
_btxt
_2rdacontent
337 _asin mediación
_bn
_2rdamedia
338 _avolumen
_bnc
_2rdacarrier
500 _aIncluye datos biográficos de los autores en la solapa de la cubierta.
590 _aInventariado,2018/DG
600 1 4 _aGómez Pepín, Radhamés
_d1930-
_xEntrevistas
_970950
650 4 _aPeriodismo como profesión
_962
650 4 _aPeriodistas
_zRepública Dominicana
_933
650 4 _aPeriodismo
_zRepública Dominicana
_936
650 4 _aPrensa
_zRepública Dominicana
_963
700 1 2 _aSosa, José Rafael,
_ecompilador
_964
_4comp.
700 1 2 _aPilar Cladera, Domingo Antonio del,
_d1961-
_ecomp.
_970951
910 _aValidado. Control de calidad. EMS
942 _2ddc
_cLBS1
999 _c42799
_d42799